Chế độ kế toán ngân sách và tài chính xã : (Sửa đổi, bổ sung theo Quyết định số 208/2003/QĐ-BTC ngày 15/12/2003) /

Quyết định số 141/2001/QĐ-BTC ngày 21/12/2001 của Bộ trưởng Bộ Tài chính v/v ban hành chế độ kế toán ngân sách và tài chính xã; Quyết định số 208/2003/QĐ-BTC ngày 15/12/2003 của Bộ trưởng Bộ Tài chính v/v sửa dổi, bổ sung một số điểm chế độ kế toán ngân sách và tài chính xã ban hành theo Quyết định...

Mô tả đầy đủ

Đã lưu trong:
Chi tiết về thư mục
Tác giả của công ty: Bộ Tài chính.
Định dạng: Sách
Ngôn ngữ:Vietnamese
Được phát hành: Hà Nội : Tài chính, 2004.
Những chủ đề:
Các nhãn: Thêm thẻ
Không có thẻ, Là người đầu tiên thẻ bản ghi này!
Thư viện lưu trữ: Mạng thư viện Đại học Đà Nẵng
LEADER 01707cam a2200385 a 4500
001 000044580
003 2982
005 20060426161822.0
008 010314b2004 vm 000 vie
020 |c 45000 
040 |a LRC  |c LRC  |d LRC 
041 0 |a vie 
082 1 4 |a 343.597034  |b BÔ 
110 2 |a Bộ Tài chính. 
245 1 0 |a Chế độ kế toán ngân sách và tài chính xã :  |b (Sửa đổi, bổ sung theo Quyết định số 208/2003/QĐ-BTC ngày 15/12/2003) /  |c Bộ Tài chính. 
260 |a Hà Nội :  |b Tài chính,  |c 2004. 
300 |a 278 tr. ;  |c 25 cm. 
520 3 |a Quyết định số 141/2001/QĐ-BTC ngày 21/12/2001 của Bộ trưởng Bộ Tài chính v/v ban hành chế độ kế toán ngân sách và tài chính xã; Quyết định số 208/2003/QĐ-BTC ngày 15/12/2003 của Bộ trưởng Bộ Tài chính v/v sửa dổi, bổ sung một số điểm chế độ kế toán ngân sách và tài chính xã ban hành theo Quyết định số 141/2001/QĐ-BTC ngày 21/12/2001. 
630 0 4 |a Kế toán. 
630 0 4 |a Ngân sách. 
630 0 4 |a Tài chính. 
650 0 4 |a Kế toán  |x Ngân sách  |x Xã. 
650 0 4 |a Chế độ  |x Tài chính  |x Xã. 
OWN |a DUT 
AVA |a UDN50  |b DUT  |c Book  |d 343.597034 BÔ  |e available  |t Error 5001 Not defined in file expand_doc_bib_avail.  |f 3  |g 0  |h N  |i 0  |j SH  |k 1 
999 |a From the UDN01 
AVA |a UDN50  |b DUT  |c Book  |d 343.597034 BÔ  |e available  |t Error 5001 Not defined in file expand_doc_bib_avail.  |f 3  |g 0  |h N  |i 0  |j SH  |k 1 
TYP |a Monograph 
TYP |a Printed language 
980 |a Mạng thư viện Đại học Đà Nẵng